00628nam a2200145Ia 4500003000900000008004100009040001600050080001500066100001500081245008400096260006800180300001500248490006800263650015100331IN-BaIIA211028s9999 xx 000 0 eng d cIIA Library a523.9bTHE aJordan, S. 4aThe sun as a starcJordan S.  aWashingtonbNational Aeronautics and Space Administrationc1981 aliv, 518p. aMonograph series on nonthermal phenomena in stellar atmospheres aSolar atmosphere, Solar flares, Solar stellar, Astrophysics,Sunspots, Chromosphere, Solar magnetic field, Radiative transfer, nonthermal phenomena